| 000 | 00732nam a22002411 4500 | ||
|---|---|---|---|
| 001 | 10469 | ||
| 003 | BD-RjUL | ||
| 005 | 20211208234948.0 | ||
| 008 | 140123r19601958enka b 000 0 eng d | ||
| 035 | _a(BD-RjUL)10517 | ||
| 040 |
_aDLC/ICU _cICU _dDLC _d(BD-RjUL) _beng |
||
| 041 | _aeng | ||
| 082 | 0 | 0 |
_a543.65 _bDUM 1960 _223 |
| 100 | 1 |
_aDuckworth, H. E. _q(Henry Edmison), _d1915- _932350 |
|
| 245 | 1 | 0 |
_aMass spectroscopy / _cDuckworth, H. E. |
| 260 |
_aCambridge : _bUniversity Press, _c1958. [Reprent 1960] |
||
| 300 |
_a206 p. : _billus. ; _c22 cm. |
||
| 504 | _aIncludes bibliography. | ||
| 650 | 0 |
_aMass spectrometry. _931258 |
|
| 942 |
_2ddc _cBK |
||
| 999 |
_c10469 _d10469 |
||